00532nam a22001817a 450000500170000001000150001702000260003203500140005803700090007208200100008110000300009124500820012126000410020327000440024430000220028865000140031070000260032420240814110704.0 aENG-141076 a9798888330609c599.00 aEN-124608 bDBAD a270.2 aChaudhuary, Abdul Hassan  aScientific Ideas in THE QUR'AN:bA Modern Outlook/cBy Abdul Hassan Chaudhury aChennaibNotion Press, Chennaic2022 a7, Red Cross Rd EgmorebChennaie600008 a373p.c23cm (pbk) aBiography aGore, Madhav Sadashiv